000 00394nam a22001697a 4500
005 20160528122634.0
008 160528b xxu||||| |||| 00| 0 eng d
020 _a0-07-060090-2
041 _aeng
082 _b5802
100 _aEtzel, Michael J. and Others
_91452
245 _aMarketing, Concepts and Cases
260 _bTMH
300 _a735
650 _aManagement
_9241
942 _cBK
999 _c2056
_d2055